Hidden Name a Valid Country #2 - Statistics

General Stats
  • This quiz has been taken 561 times
    539 since last reset
  • The average score is 10 of 20
Answer Stats
Name a country ... Answer % Correct
that starts with F F. S. Micronesia | Fiji | Finland | France
100%
bordering a European country but is not European Azerbaijan | Brazil | China | Georgia | Guyana | +6
92%
that is located primarily on islands and has borders Brunei | Dominican Republic | East Timor | Haiti | Indonesia | +4
92%
that doesn't recognize North Korea France | Japan | South Korea
89%
that has 1 border in the Americas Canada | Dominican Republic | Haiti
77%
in Africa with between 2 and 3 million people Botswana | Gabon | Gambia | Guinea-Bissau | Namibia
74%
with Berber as an official language Algeria | Morocco
62%
that can be created with only 3 distinct letters Fiji | Togo
55%
with a former name that is accepted as a type-in Eswatini | Myanmar | North Macedonia | Sri Lanka
51%
with between 3 and 10 million Shia Muslims Afghanistan | Azerbaijan | Nigeria | Syria | Turkey | +1
46%
starting but not ending with 'A' Afghanistan | Azerbaijan
45%
outside of Latin America with over 50% Spanish speakers, excluding Spain Andorra | Belize | Equatorial Guinea
39%
that is an island country with territory on Afro-Eurasia United Kingdom
30%
with one vowel (Y is considered a consonant) Chad | Cyprus | Egypt | Kyrgyzstan
24%
that was acquired by Japan in 1895 North Korea | South Korea | Taiwan
23%
touching the Tropic of Cancer and with under 20 million people Bahamas | Libya | Mauritania | Oman | United Arab Emirates
19%
ending with 'E' Belize | Cape Verde | Chile | France | Greece | +7
17%
with territory in the Kalahari desert or the Gobi Desert Botswana | China | Mongolia | Namibia | South Africa
17%
that is not an island country but has its capital on an island Bangladesh | Denmark | Equatorial Guinea | Gambia | United Arab Emirates
15%
with exactly two stars on its flag Panama | Saint Kitts and Nevis | Sao Tome and Principe | Syria
10%
No matching quizzes found
Score Distribution
Percent of People with Each Score
Percentile by Number Answered
Your Score History
You have not taken this quiz since the last reset